Vida de Joseph II, emperador de Alemania (Registro nro. 58678)

Detalles MARC
000 -LEADER
campo de control de longitud fija 01148aam a2200349 a 4500
001 - NÚMERO DE CONTROL
campo de control MOR01000058906
005 - FECHA Y HORA DE LA ÚLTIMA TRANSACCIÓN
campo de control 20240903025906.0
007 - CAMPO FIJO DE DESCRIPCIÓN FÍSICA--INFORMACIÓN GENERAL
campo de control de longitud fija ta
008 - DATOS DE LONGITUD FIJA--INFORMACIÓN GENERAL
campo de control de longitud fija 980925s1791 sp g 000 0bspa d
035 ## - NÚMERO DE CONTROL DEL SISTEMA
Número de control de sistema 981555
040 ## - FUENTE DE CATALOGACIÓN
Centro catalogador/agencia de origen mxdfmo
Lengua de catalogación spa
Centro/agencia transcriptor mxdfmo
041 0# - CÓDIGO DE IDIOMA
Código de lengua del texto/banda sonora o título independiente spa
043 ## - CÓDIGO DE ÁREA GEOGRÁFICA
Código de área geográfica e-gx---
045 ## - PERIODO DE TIEMPO DEL CONTENIDO
Código de periodo de tiempo v4v9
082 04 - NÚMERO DE LA CLASIFICACIÓN DECIMAL DEWEY
Número de clasificación 923.143
Número de ítem JOS.h
100 1# - ENTRADA PRINCIPAL--NOMBRE DE PERSONA
Nombre de persona Hernández Cubilano, Juan Manuel
245 10 - MENCIÓN DEL TÍTULO
Título Vida de Joseph II, emperador de Alemania
Mención de responsabilidad, etc. tr. del toscano, correg. en varios lugares e il. con notas por Juan Manuel Hernández Cubilano
260 ## - PUBLICACIÓN, DISTRIBUCIÓN, ETC.
Lugar de publicación, distribución, etc. Madrid
Nombre del editor, distribuidor, etc. Imprenta de Sancha
Fecha de publicación, distribución, etc. 1791
300 ## - DESCRIPCIÓN FÍSICA
Extensión 4 v.
Dimensiones 20 cm.
600 07 - PUNTO DE ACCESO ADICIONAL DE MATERIA--NOMBRE DE PERSONA
Nombre de persona José II
Títulos y otros términos asociados al nombre emperador de Alemania
Fechas asociadas al nombre 1741-1790
651 #7 - PUNTO DE ACCESO ADICIONAL DE MATERIA--NOMBRE GEOGRÁFICO
Nombre geográfico Alemania
Subdivisión general Historia
Subdivisión cronológica Siglo XVIII
Subdivisión general Biografía
900 ## - ELEMENTOS DE DATOS A LOCAL, LDA (RLIN)
Nombre de persona ACT
Numeración 40
Títulos y otros términos asociados al nombre 20090618
Lenguaje de la obra MOR01
-- 1636
900 ## - ELEMENTOS DE DATOS A LOCAL, LDA (RLIN)
Nombre de persona ALEPH14
Numeración 10
Títulos y otros términos asociados al nombre 20061103
Lenguaje de la obra MOR01
-- 1050
900 ## - ELEMENTOS DE DATOS A LOCAL, LDA (RLIN)
Nombre de persona BATCH-UPD
Numeración 00
Títulos y otros términos asociados al nombre 20120323
Lenguaje de la obra MOR01
-- 1744
900 ## - ELEMENTOS DE DATOS A LOCAL, LDA (RLIN)
Nombre de persona BATCH-UPD
Numeración 40
Títulos y otros términos asociados al nombre 20120321
Lenguaje de la obra MOR01
-- 1705
900 ## - ELEMENTOS DE DATOS A LOCAL, LDA (RLIN)
Nombre de persona BATCH
Numeración 00
Títulos y otros términos asociados al nombre 20120322
Lenguaje de la obra MOR01
-- 1728
900 ## - ELEMENTOS DE DATOS A LOCAL, LDA (RLIN)
Nombre de persona DYNIX
Numeración 00
Títulos y otros términos asociados al nombre 20030304
Lenguaje de la obra MOR01
-- 1721
900 ## - ELEMENTOS DE DATOS A LOCAL, LDA (RLIN)
Nombre de persona VOBO
Numeración 40
Títulos y otros términos asociados al nombre 20080728
Lenguaje de la obra MOR01
-- 1250
904 ## - ELEMENTOS DE DATOS D LOCAL, LDD (RLIN)
a UPDATE
942 ## - ELEMENTOS DE ENTRADA SECUNDARIOS (KOHA)
Código de la institución [OBSOLETO] BK

No hay ítems disponibles.